[Event "Jyvaskyla Winter WE op"]
[Site "Jyvaskyla"]
[Date "2020.02.02"]
[Round "5"]
[White "Laihonen, Petteri"]
[Black "Maki, Juha"]
[Result "1-0"]
[WhiteElo "2171"]
[BlackElo "2067"]
[PlyCount "99"]
[EventDate "2020.01.31"]
[EventType "swiss"]
[EventRounds "5"]
[EventCountry "FIN"]
[SourceTitle "EXT 2021"]
[Source "ChessBase"]
[SourceDate "2020.10.23"]
[SourceVersion "1"]
[SourceVersionDate "2020.10.23"]
[SourceQuality "1"]

1. e4 c6 2. d4 d5 3. Nc3 dxe4 4. Nxe4 Nf6 5. Nxf6+ exf6 6. c3 Bd6 7. Bd3 0-0 8. Qc2 Re8+ 9. Ne2 h5 10. Be3 Nd7 11. 0-0-0 Nf8 12. Kb1 Qc7 13. c4 a6 14. c5 Be7 15. Ng3 g6 16. Ne2 Be6 17. Nf4 f5 18. h3 Qd7 19. Be2 Bd5 20. Nxd5 Qxd5 21. Bf3 Qd7 22. d5 cxd5 23. Bxd5 Qc7 24. Qb3 Bf6 25. Qxb7 Ra7 26. Qxc7 Rxc7 27. c6 Rb8 28. b3 Rb5 29. a4 Rxd5 30. Rxd5 Rxc6 31. Rc1 Re6 32. Bh6 Re2 33. Rc8 Bg7 34. Bxg7 Kxg7 35. Rc2 Re1+ 36. Kb2 Ne6 37. g3 f4 38. b4 fxg3 39. fxg3 Re4 40. Kb3 Nd4+ 41. Rxd4 Rxd4 42. b5 axb5 43. axb5 Kf6 44. Kc3 Rd7 45. b6 Rb7 46. Rb2 Ke5 47. Kc4 Kd6 48. Kb5 Ke7 49. Rc2 f5 50. h4 1-0

[Event "Jyvaskyla Winter WE op"]
[Site "Jyvaskyla"]
[Date "2020.01.31"]
[Round "3"]
[White "Jarvenpaa, Jari"]
[Black "Maki, Juha"]
[Result "1/2-1/2"]
[WhiteElo "2269"]
[BlackElo "2067"]
[PlyCount "73"]
[EventDate "2020.01.31"]
[EventType "swiss"]
[EventRounds "5"]
[EventCountry "FIN"]
[SourceTitle "EXT 2021"]
[Source "ChessBase"]
[SourceDate "2020.10.23"]
[SourceVersion "1"]
[SourceVersionDate "2020.10.23"]
[SourceQuality "1"]

1. c4 e6 2. g3 f5 3. Bg2 Nf6 4. Nc3 d6 5. d3 Be7 6. e4 e5 7. exf5 Nc6 8. g4 Nd4 9. h3 c6 10. Nge2 g6 11. g5 Nh5 12. f6 Bf8 13. Nxd4 exd4 14. Ne2 Qa5+ 15. Qd2 Qb6 16. 0-0 Bf5 17. b4 h6 18. Bb2 c5 19. f4 hxg5 20. fxg5 Qc7 21. Rf3 0-0-0 22. Rb1 Bd7 23. b5 Be6 24. Re1 Qd7 25. Bxd4 cxd4 26. Nxd4 Bf7 27. b6 a6 28. h4 Qa4 29. Re7 Be8 30. Rc7+ Kb8 31. Re3 d5 32. Bxd5 Rxd5 33. cxd5 Qxd4 34. Qf2 Qg4+ 35. Qg2 Qd1+ 36. Qf1 Qg4+ 37. Qg2 1/2-1/2

[Event "Tampere Tammer Autumn op"]
[Site "Tampere"]
[Date "2019.10.13"]
[Round "4"]
[White "Kiili, Markus"]
[Black "Maki, Juha"]
[Result "1/2-1/2"]
[WhiteElo "2208"]
[BlackElo "2031"]
[PlyCount "48"]
[EventDate "2019.10.12"]
[EventType "swiss"]
[EventRounds "4"]
[EventCountry "FIN"]
[SourceTitle "EXT 2021"]
[Source "ChessBase"]
[SourceDate "2020.10.23"]
[SourceVersion "1"]
[SourceVersionDate "2020.10.23"]
[SourceQuality "1"]

1. e4 e6 2. d4 d5 3. Nd2 Be7 4. Bd3 c5 5. dxc5 Nf6 6. Ngf3 dxe4 7. Nxe4 Nxe4 8. Bxe4 Qxd1+ 9. Kxd1 Bxc5 10. Be3 Bxe3 11. fxe3 Nd7 12. Nd4 Ke7 13. b3 Rd8 14. Kc1 Nf6 15. Bf3 Rb8 16. Rd1 e5 17. Nb5 Rxd1+ 18. Kxd1 h6 19. Nc3 Be6 20. Kd2 Rd8+ 21. Ke1 Rc8 22. Kd2 Rd8+ 23. Ke1 Rc8 24. Kd2 Rd8+ 1/2-1/2

[Event "Seinajoki Sept op"]
[Site "Seinajoki"]
[Date "2019.09.22"]
[Round "4"]
[White "Koivusalo, Ville Veiko"]
[Black "Maki, Juha"]
[Result "1/2-1/2"]
[WhiteElo "1972"]
[BlackElo "2023"]
[PlyCount "49"]
[EventDate "2019.09.21"]
[EventType "swiss"]
[EventRounds "5"]
[EventCountry "FIN"]
[SourceTitle "EXT 2021"]
[Source "ChessBase"]
[SourceDate "2020.10.23"]
[SourceVersion "1"]
[SourceVersionDate "2020.10.23"]
[SourceQuality "1"]

1. d4 d5 2. Nf3 Nf6 3. c4 c6 4. g3 dxc4 5. Bg2 Nbd7 6. Qc2 e6 7. 0-0 c5 8. Qxc4 cxd4 9. Nxd4 Nb6 10. Qd3 a6 11. Rd1 e5 12. Nb3 Qxd3 13. Rxd3 Be7 14. Nc3 0-0 15. Na5 Rb8 16. Be3 Nbd7 17. Nc4 Ng4 18. Nb6 Nc5 19. Ncd5 Bd6 20. Nxc8 Rfxc8 21. Nb6 Nxd3 22. Nxc8 Rxc8 23. exd3 Nxe3 24. fxe3 Rc7 25. Bd5 1/2-1/2

[Event "Lahti LahS Weekend-A"]
[Site "Lahti"]
[Date "2019.08.18"]
[Round "4"]
[White "Jarvenpaa, Jari"]
[Black "Maki, Juha"]
[Result "1-0"]
[WhiteElo "2253"]
[BlackElo "2030"]
[PlyCount "81"]
[EventDate "2019.08.17"]
[EventType "swiss"]
[EventRounds "4"]
[EventCountry "FIN"]
[SourceTitle "CBM 192 Extra"]
[Source "Chessbase"]
[SourceDate "2019.11.06"]
[SourceVersion "1"]
[SourceVersionDate "2019.11.06"]
[SourceQuality "1"]

1. c4 Nf6 2. g3 c6 3. Nf3 d5 4. Bg2 e6 5. 0-0 Be7 6. d3 0-0 7. Qc2 Na6 8. a3 Bd7 9. b4 b5 10. c5 Rb8 11. Bb2 Ne8 12. Ne5 f6 13. Nxd7 Qxd7 14. Bh3 Nec7 15. Nd2 Qe8 16. e4 Qh5 17. Kg2 g5 18. f3 Rbd8 19. Rae1 Kf7 20. Bg4 Qg6 21. f4 Kg8 22. f5 Qf7 23. fxe6 Qg6 24. Bf5 Qh6 25. Nf3 Ne8 26. h4 dxe4 27. dxe4 g4 28. Bxg4 Ng7 29. Nd4 Nc7 30. Rd1 Qg6 31. Qe2 Qe8 32. h5 Rxd4 33. Bxd4 Ngxe6 34. Bc3 Ng5 35. Bd7 Qf7 36. e5 Nce6 37. exf6 Bd8 38. Rd6 Nc7 39. Bd2 Qa2 40. Rf2 Nf7 41. Qg4+ 1-0

[Event "Lahti LahS Weekend-A"]
[Site "Lahti"]
[Date "2019.08.17"]
[Round "1"]
[White "Lehtosaari, Mauri"]
[Black "Maki, Juha"]
[Result "1-0"]
[WhiteElo "2217"]
[BlackElo "2030"]
[PlyCount "73"]
[EventDate "2019.08.17"]
[EventType "swiss"]
[EventRounds "4"]
[EventCountry "FIN"]
[SourceTitle "CBM 192 Extra"]
[Source "Chessbase"]
[SourceDate "2019.11.06"]
[SourceVersion "1"]
[SourceVersionDate "2019.11.06"]
[SourceQuality "1"]

1. d4 d5 2. Bf4 Nf6 3. e3 c5 4. c3 Nc6 5. Nd2 e6 6. Bd3 Bd6 7. Bxd6 Qxd6 8. f4 b6 9. Ngf3 Bb7 10. Ne5 0-0 11. 0-0 Nd7 12. Ndf3 f6 13. Ng4 Rae8 14. Qc2 f5 15. Nge5 Nf6 16. a4 Rc8 17. Qe2 Na5 18. Ng5 Rc7 19. g4 Ne4 20. gxf5 exf5 21. Nxe4 fxe4 22. Bb1 cxd4 23. exd4 Qh6 24. Ba2 Rxf4 25. Rxf4 Qxf4 26. Rf1 Qg5+ 27. Kh1 Rc8 28. Qxe4 Rd8 29. Qf3 Qe7 30. Qf7+ Qxf7 31. Rxf7 Rb8 32. Kg1 Nc4 33. Bxc4 dxc4 34. Rc7 Bd5 35. Rxa7 g5 36. Nd7 Rd8 37. Nf6+ 1-0

[Event "Lahti LahS Weekend-A"]
[Site "Lahti"]
[Date "2019.08.17"]
[Round "2"]
[White "Salykin, Alexandr"]
[Black "Maki, Juha"]
[Result "1/2-1/2"]
[WhiteElo "2087"]
[BlackElo "2030"]
[PlyCount "43"]
[EventDate "2019.08.17"]
[EventType "swiss"]
[EventRounds "4"]
[EventCountry "FIN"]
[SourceTitle "CBM 192 Extra"]
[Source "Chessbase"]
[SourceDate "2019.11.06"]
[SourceVersion "1"]
[SourceVersionDate "2019.11.06"]
[SourceQuality "1"]

1. b3 d5 2. Bb2 Bf5 3. Nf3 e6 4. e3 Nd7 5. Be2 h6 6. c4 Ngf6 7. Nc3 c6 8. d4 Ne4 9. 0-0 Bd6 10. cxd5 exd5 11. Nxe4 Bxe4 12. Bd3 Bxd3 13. Qxd3 0-0 14. Ne5 Qe7 15. Qf5 Rad8 16. Rae1 Qe6 17. Qh5 Rfe8 18. f4 f5 19. Kh1 Nf6 20. Qf3 Ne4 21. Rg1 Re7 22. Re2 1/2-1/2

[Event "FIN-ch op"]
[Site "Naantali"]
[Date "2019.07.03"]
[Round "6"]
[White "Maki, Juha"]
[Black "Niemi, Kalle"]
[Result "0-1"]
[WhiteElo "1998"]
[BlackElo "2277"]
[PlyCount "54"]
[EventDate "2019.06.29"]
[EventType "swiss"]
[EventRounds "9"]
[EventCountry "FIN"]
[SourceTitle "CBM 192 Extra"]
[Source "Chessbase"]
[SourceDate "2019.11.06"]
[SourceVersion "1"]
[SourceVersionDate "2019.11.06"]
[SourceQuality "1"]

1. d4 Nf6 2. c4 e6 3. Nc3 d5 4. cxd5 exd5 5. Bg5 c6 6. Qc2 Nbd7 7. e3 h6 8. Bh4 g5 9. Bg3 Nh5 10. Be2 Nxg3 11. hxg3 Nb6 12. Nf3 Bg7 13. Nd2 Qe7 14. a3 0-0 15. b4 f5 16. Qd3 f4 17. g4 fxe3 18. fxe3 Be6 19. Bf3 Rae8 20. 0-0 Qd7 21. b5 Bxg4 22. bxc6 bxc6 23. Bxg4 Qxg4 24. a4 Rxe3 25. Rxf8+ Kxf8 26. Rf1+ Kg8 27. Qc2 Rxc3 0-1

[Event "FIN-ch op"]
[Site "Naantali"]
[Date "2019.07.02"]
[Round "5"]
[White "Auvinen, Esa"]
[Black "Maki, Juha"]
[Result "0-1"]
[WhiteElo "1899"]
[BlackElo "1998"]
[PlyCount "136"]
[EventDate "2019.06.29"]
[EventType "swiss"]
[EventRounds "9"]
[EventCountry "FIN"]
[SourceTitle "CBM 192 Extra"]
[Source "Chessbase"]
[SourceDate "2019.11.06"]
[SourceVersion "1"]
[SourceVersionDate "2019.11.06"]
[SourceQuality "1"]

1. e4 g6 2. d4 Bg7 3. Nf3 d6 4. Bc4 a6 5. a4 b6 6. 0-0 e6 7. Re1 Bb7 8. Nc3 Nd7 9. Bg5 Ne7 10. Qe2 h6 11. Be3 g5 12. Qd1 Ng6 13. Bf1 0-0 14. g3 Nf6 15. Bc1 Nh7 16. h3 Qd7 17. Ra3 f5 18. exf5 Rxf5 19. Nh2 Raf8 20. Be3 Qc6 21. f3 Qe8 22. Bg2 Qa8 23. Ne4 R5f7 24. Rd3 Nf6 25. Nxf6+ Rxf6 26. c3 e5 27. Rf1 a5 28. Rf2 Bc6 29. Rdd2 Qc8 30. Qc2 Qe8 31. b3 Rf5 32. d5 Bd7 33. Qd3 Nf4 34. Bxf4 gxf4 35. g4 R5f6 36. c4 Qe7 37. Rfe2 Be8 38. Qb1 Bg6 39. Qf1 R6f7 40. Re1 Bf6 41. Qe2 Bh4 42. Red1 Qf6 43. Rf1 Re7 44. Qd1 Rfe8 45. Re2 Qg7 46. Qd2 Bg5 47. Qe1 Qh7 48. Re4 Bxe4 49. Qxe4 Qg7 50. Re1 Bh4 51. Re2 Rf7 52. Qd3 Kh8 53. Re4 Rg8 54. Qe2 Rf6 55. Qd2 Rg6 56. Qe2 h5 57. Qd1 Bg3 58. Nf1 Qf6 59. Nd2 Qh4 60. Qe2 Rc8 61. Qd3 Bf2+ 62. Kf1 Bc5 63. Re2 Kg7 64. Qf5 Rf8 65. Qb1 hxg4 66. hxg4 Rh6 67. Ne4 Qh1+ 68. Bxh1 Rxh1+ 0-1

[Event "FIN-chT1A 1819"]
[Site "Finland"]
[Date "2019.04.06"]
[Round "7.3"]
[White "Maki, Juha"]
[Black "Paajala, Niki"]
[Result "0-1"]
[WhiteElo "1959"]
[BlackElo "1917"]
[PlyCount "100"]
[EventDate "2018.09.15"]
[EventType "team-tourn"]
[EventRounds "7"]
[EventCountry "FIN"]
[SourceTitle "EXT 2020"]
[Source "ChessBase"]
[SourceDate "2019.10.17"]
[SourceVersion "1"]
[SourceVersionDate "2019.10.17"]
[SourceQuality "1"]
[WhiteTeam "Tampere Tammer II"]
[BlackTeam "Helsinki Passi"]
[WhiteTeamCountry "FIN"]
[BlackTeamCountry "FIN"]

1. d4 f5 2. c4 Nf6 3. g3 d6 4. Bg2 g6 5. Nf3 Bg7 6. b4 0-0 7. Qb3 c6 8. Bb2 Qe8 9. Nbd2 h6 10. 0-0 Kh7 11. a4 Na6 12. d5 c5 13. b5 Nb4 14. a5 a6 15. b6 Ng4 16. Bxg7 Kxg7 17. Qc3+ Kh7 18. h3 Nf6 19. Rfe1 Qf7 20. e4 fxe4 21. Nxe4 Nxe4 22. Rxe4 Bf5 23. Re2 Rae8 24. g4 Bd7 25. Rae1 e5 26. Nd2 Rd8 27. Ne4 Ba4 28. Ra1 Be8 29. Re3 Qe7 30. Rae1 Ba4 31. R1e2 Rf4 32. Nxd6 Qxd6 33. Rxe5 Rdf8 34. Re6 Qd8 35. Be4 R4f6 36. Qe5 Rxe6 37. dxe6 Qe7 38. f4 Bc6 39. Bb1 Rd8 40. Re1 Qh4 41. Qe3 Bf3 42. Kh2 Nc6 43. Bd3 Re8 44. Rg1 Nd4 45. f5 Bc6 46. Rg3 Qf6 47. h4 gxf5 48. g5 Qxe6 49. Qf2 Qe1 50. Bxf5+ Kh8 0-1

[Event "Salo SalSK op"]
[Site "Salo"]
[Date "2019.02.17"]
[Round "4"]
[White "Kivimaki, Kasper"]
[Black "Maki, Juha"]
[Result "1/2-1/2"]
[WhiteElo "2048"]
[BlackElo "2066"]
[PlyCount "27"]
[EventDate "2019.02.15"]
[EventType "swiss"]
[EventRounds "5"]
[EventCountry "FIN"]
[SourceTitle "EXT 2021"]
[Source "ChessBase"]
[SourceDate "2020.10.23"]
[SourceVersion "1"]
[SourceVersionDate "2020.10.23"]
[SourceQuality "1"]

1. e4 e6 2. d4 d5 3. e5 c5 4. c3 Qb6 5. Nf3 Nc6 6. a3 c4 7. Nbd2 Na5 8. Be2 Bd7 9. 0-0 Ne7 10. Ng5 h6 11. Nh3 Qc7 12. g4 g6 13. f4 Rg8 14. Rb1 1/2-1/2

[Event "Jyvaskyla Winter op-A 40th"]
[Site "Jyvaskyla"]
[Date "2019.02.03"]
[Round "5"]
[White "Maki, Juha"]
[Black "Seppala, Aki"]
[Result "1/2-1/2"]
[WhiteElo "2025"]
[BlackElo "2085"]
[PlyCount "66"]
[EventDate "2019.02.01"]
[EventType "swiss"]
[EventRounds "5"]
[EventCountry "FIN"]
[SourceTitle "EXT 2021"]
[Source "ChessBase"]
[SourceDate "2020.10.23"]
[SourceVersion "1"]
[SourceVersionDate "2020.10.23"]
[SourceQuality "1"]

1. d4 Nf6 2. c4 e6 3. Nc3 Bb4 4. e3 b6 5. Nge2 c5 6. a3 Ba5 7. Rb1 Qe7 8. Bd2 0-0 9. Nf4 cxd4 10. exd4 Bxc3 11. Bxc3 d5 12. Bb4 Qc7 13. Bxf8 Qxf4 14. Bb4 Qe4+ 15. Be2 Qxg2 16. Bf3 Qh3 17. Rc1 Bb7 18. c5 Nc6 19. cxb6 Nxd4 20. Qxd4 Qxf3 21. 0-0 axb6 22. Rc3 Qg4+ 23. Qxg4 Nxg4 24. Rc7 Ba6 25. Rfc1 h5 26. R1c6 Ne5 27. Rxb6 Nc4 28. Rbc6 Nxb2 29. Re7 Nd3 30. Rcc7 Nxb4 31. Rxf7 Nc2 32. Rxg7+ Kh8 33. Rh7+ Kg8 1/2-1/2

[Event "FIN-chT1A 1819"]
[Site "Finland"]
[Date "2018.12.08"]
[Round "4.4"]
[White "Wikman, Jimmy"]
[Black "Maki, Juha"]
[Result "1-0"]
[WhiteElo "2130"]
[BlackElo "1959"]
[PlyCount "77"]
[EventDate "2018.09.15"]
[EventType "team-tourn"]
[EventRounds "7"]
[EventCountry "FIN"]
[SourceTitle "EXT 2020"]
[Source "ChessBase"]
[SourceDate "2019.10.17"]
[SourceVersion "1"]
[SourceVersionDate "2019.10.17"]
[SourceQuality "1"]
[WhiteTeam "Karjaa KarjUra"]
[BlackTeam "Tampere Tammer II"]
[WhiteTeamCountry "FIN"]
[BlackTeamCountry "FIN"]

1. e4 e6 2. d4 d5 3. exd5 exd5 4. Nf3 Nf6 5. Bg5 Be7 6. Bd3 Be6 7. Nbd2 Nbd7 8. c3 c5 9. 0-0 0-0 10. h3 Re8 11. Re1 b6 12. Rc1 a5 13. Bb5 Rf8 14. dxc5 bxc5 15. a4 Bd6 16. Nb3 Qc7 17. Rc2 Ne4 18. Rce2 Ne5 19. Nxe5 Bxe5 20. Bh4 Bh2+ 21. Kh1 Bf4 22. g3 Bd6 23. Nd2 Bxh3 24. Nxe4 dxe4 25. Rxe4 Bf5 26. R4e3 c4 27. Qh5 Bg6 28. Qd5 Bd3 29. Be7 Bxe7 30. Rxe7 Qc8 31. Kh2 g6 32. b3 Qg4 33. Bxc4 Rad8 34. Qxa5 Bf5 35. Qa7 Qf3 36. Rxf7 Qh5+ 37. Kg1 Kh8 38. Rxf8+ Rxf8 39. Qd4+ 1-0

[Event "Lahti We LahS A"]
[Site "Lahti"]
[Date "2018.08.19"]
[Round "3"]
[White "Maki, Juha"]
[Black "Paronen, Petteri"]
[Result "1-0"]
[WhiteElo "1959"]
[BlackElo "2083"]
[PlyCount "83"]
[EventDate "2018.08.18"]
[EventType "swiss"]
[EventRounds "4"]
[EventCountry "FIN"]
[SourceTitle "EXT 2022"]
[Source "ChessBase"]
[SourceDate "2021.10.06"]
[SourceVersion "1"]
[SourceVersionDate "2021.10.06"]
[SourceQuality "1"]

1. d4 Nf6 2. c4 Nc6 3. Nf3 d6 4. d5 Ne5 5. Qb3 Nxf3+ 6. gxf3 g6 7. Nc3 Bg7 8. e4 c6 9. Be3 0-0 10. Bd3 a6 11. Bb6 Qe8 12. 0-0-0 Nd7 13. Be3 Nc5 14. Qb6 Nxd3+ 15. Rxd3 c5 16. h4 Qd8 17. Na4 Bd7 18. Qxd8 Raxd8 19. Nb6 h5 20. Rb3 f5 21. Nxd7 Rxd7 22. Rb6 Kh7 23. Kd1 f4 24. Bd2 Bd4 25. Ke2 g5 26. hxg5 Kg6 27. Bc3 Kxg5 28. Bxd4 cxd4 29. Kd3 h4 30. Kxd4 Rh8 31. Rh3 Kh5 32. Rb3 Rc7 33. Rc3 Rhc8 34. Rc1 b5 35. b3 bxc4 36. Rch1 cxb3 37. Rxh4+ Kg6 38. Rg4+ Kf7 39. Rxf4+ Ke8 40. axb3 Kd7 41. Rf7 Rb8 42. Rxe7+ 1-0

[Event "Naantali Avoin op"]
[Site "Naantali"]
[Date "2018.07.04"]
[Round "4"]
[White "Norlamo, Sarabella"]
[Black "Maki, Juha"]
[Result "1/2-1/2"]
[WhiteElo "1839"]
[BlackElo "1947"]
[PlyCount "43"]
[EventDate "2018.07.02"]
[EventType "swiss"]
[EventRounds "9"]
[EventCountry "FIN"]
[SourceTitle "EXT 2019"]
[Source "ChessBase"]
[SourceDate "2018.10.10"]
[SourceVersion "1"]
[SourceVersionDate "2018.10.10"]
[SourceQuality "1"]

1. c4 Nf6 2. Nc3 e6 3. e4 d5 4. cxd5 exd5 5. e5 Ne4 6. Nf3 Nc6 7. d4 Bb4 8. Qc2 Bg4 9. Be3 Qe7 10. Bd3 Nxc3 11. bxc3 Ba5 12. 0-0 h6 13. Rab1 Bb6 14. Rfe1 Rc8 15. Nd2 0-0 16. f3 Bd7 17. f4 f5 18. exf6 Qxf6 19. Nf3 Bf5 20. Ne5 Bxd3 21. Qxd3 Rcd8 22. Rf1 1/2-1/2

[Event "Hameenlinna We HamSK"]
[Site "Hameenlinna"]
[Date "2018.06.09"]
[Round "3"]
[White "Maki, Juha"]
[Black "Skrjabin, Igor"]
[Result "1/2-1/2"]
[WhiteElo "1999"]
[BlackElo "1946"]
[PlyCount "68"]
[EventDate "2018.06.21"]
[EventType "swiss"]
[EventRounds "4"]
[EventCountry "FIN"]
[SourceTitle "EXT 2022"]
[Source "ChessBase"]
[SourceDate "2021.10.06"]
[SourceVersion "1"]
[SourceVersionDate "2021.10.06"]
[SourceQuality "1"]

1. d4 g6 2. e4 Bg7 3. Nf3 d6 4. Nc3 Nd7 5. Be2 a6 6. 0-0 e6 7. Be3 Ne7 8. Qd2 b5 9. a4 b4 10. Na2 a5 11. c3 bxc3 12. Nxc3 Bb7 13. Rfc1 0-0 14. Bd3 Nf6 15. Bh6 Qd7 16. h3 Rfc8 17. Bxg7 Kxg7 18. e5 Nfg8 19. Bb5 Qd8 20. Qe2 Bxf3 21. Qxf3 d5 22. g4 c5 23. Ne2 c4 24. Nf4 Nc6 25. Rd1 Rab8 26. Ne2 Nb4 27. Rac1 Nd3 28. Rc2 Qg5 29. Qg3 Qe7 30. h4 f6 31. Kg2 Rf8 32. Nf4 Nxf4+ 33. Qxf4 fxe5 34. Qxe5+ Qf6 1/2-1/2

[Event "Kuopio op-B 40th"]
[Site "Kuopio"]
[Date "2018.04.28"]
[Round "2"]
[White "Maki, Juha"]
[Black "Nikula, Mikko"]
[Result "1-0"]
[WhiteElo "1947"]
[BlackElo "1941"]
[PlyCount "93"]
[EventDate "2018.04.28"]
[EventType "swiss"]
[EventRounds "4"]
[EventCountry "FIN"]
[SourceTitle "EXT 2022"]
[Source "ChessBase"]
[SourceDate "2021.10.06"]
[SourceVersion "1"]
[SourceVersionDate "2021.10.06"]
[SourceQuality "1"]

1. d4 f5 2. g3 Nf6 3. Bg2 e6 4. c4 d5 5. Nh3 Be7 6. Qc2 0-0 7. 0-0 c6 8. Nf4 Qe8 9. b3 Nh5 10. e3 g5 11. Nd3 Nd7 12. b4 Qg6 13. f4 gxf4 14. exf4 Nhf6 15. c5 Ne4 16. Nc3 b6 17. cxb6 axb6 18. Ne2 Bb7 19. Rb1 h5 20. Ne5 Nxe5 21. fxe5 h4 22. Nf4 Qf7 23. g4 Bg5 24. gxf5 exf5 25. Rf3 Kg7 26. a4 Rh8 27. Bh3 Raf8 28. Be3 Rhg8 29. Kh1 Kh8 30. Qb2 Be7 31. b5 Ng5 32. Rff1 Rc8 33. Qf2 Ne4 34. Qf3 Ng5 35. Qe2 Nxh3 36. Nxh3 c5 37. e6 Qh7 38. Bf4 Bf6 39. Be5 Bxe5 40. Qxe5+ Qg7 41. Rxf5 Qxe5 42. Rxe5 Rg7 43. Rh5+ Rh7 44. Rf5 cxd4 45. Nf4 Rh6 46. e7 Kg7 47. Rg1+ 1-0

[Event "Pori We PSY"]
[Site "Pori"]
[Date "2018.03.17"]
[Round "3"]
[White "Maki, Juha"]
[Black "Kauko, Pekka"]
[Result "1-0"]
[WhiteElo "1947"]
[BlackElo "1961"]
[PlyCount "87"]
[EventDate "2018.03.17"]
[EventType "swiss"]
[EventRounds "5"]
[EventCountry "FIN"]
[SourceTitle "EXT 2022"]
[Source "ChessBase"]
[SourceDate "2021.10.06"]
[SourceVersion "1"]
[SourceVersionDate "2021.10.06"]
[SourceQuality "1"]

1. d4 Nf6 2. c4 e6 3. Nc3 d5 4. cxd5 exd5 5. Bg5 c6 6. Qc2 h6 7. Bh4 Be7 8. e3 0-0 9. Bd3 a5 10. Nge2 Nh5 11. Bxe7 Qxe7 12. h3 g5 13. Na4 Nd7 14. Rc1 Ng7 15. Ng3 Qb4+ 16. Nc3 a4 17. a3 Qb3 18. Qe2 Nb6 19. Bc2 Qc4 20. Bd3 Qb3 21. h4 g4 22. Bc2 Qc4 23. Qd2 f5 24. Nce2 Qb5 25. Bd3 Qa5 26. Rc3 Bd7 27. Nf4 Nc8 28. Ng6 Rf6 29. Ne5 Be8 30. f3 h5 31. fxg4 fxg4 32. Bb1 Nd6 33. Rf1 Qd8 34. Qd3 Rxf1+ 35. Kxf1 Ne4 36. Nxe4 dxe4 37. Qxe4 Qf6+ 38. Ke2 Rd8 39. Rc1 Qh6 40. Ba2+ Kh8 41. Rf1 Ne6 42. Rf7 Nf8 43. Qf5 Bd7 44. Nxd7 1-0

[Event "Jyvaskyla We JyS A"]
[Site "Jyvaskyla"]
[Date "2018.01.28"]
[Round "5"]
[White "Maki, Juha"]
[Black "Riihimaki, Pekka"]
[Result "1/2-1/2"]
[WhiteElo "1946"]
[BlackElo "1953"]
[PlyCount "39"]
[EventDate "2018.01.26"]
[EventType "swiss"]
[EventRounds "5"]
[EventCountry "FIN"]
[SourceTitle "EXT 2022"]
[Source "ChessBase"]
[SourceDate "2021.10.06"]
[SourceVersion "1"]
[SourceVersionDate "2021.10.06"]
[SourceQuality "1"]

1. d4 Nf6 2. c4 e6 3. Nc3 d5 4. cxd5 exd5 5. Bg5 Bb4 6. Qd3 c6 7. f3 Nbd7 8. Nh3 0-0 9. Nf2 Re8 10. 0-0-0 Qa5 11. Kb1 Be7 12. Bd2 Qd8 13. g4 b5 14. e4 dxe4 15. Ncxe4 Nxe4 16. Nxe4 Nf8 17. Be3 Be6 18. Nc5 Bxc5 19. dxc5 Qa5 20. a3 1/2-1/2

[Event "Jyvaskyla We JyS A"]
[Site "Jyvaskyla"]
[Date "2018.01.27"]
[Round "3"]
[White "Maki, Juha"]
[Black "Sarkio, Lauri"]
[Result "1/2-1/2"]
[WhiteElo "1946"]
[BlackElo "2017"]
[PlyCount "64"]
[EventDate "2018.01.26"]
[EventType "swiss"]
[EventRounds "5"]
[EventCountry "FIN"]
[SourceTitle "EXT 2022"]
[Source "ChessBase"]
[SourceDate "2021.10.06"]
[SourceVersion "1"]
[SourceVersionDate "2021.10.06"]
[SourceQuality "1"]

1. d4 Nf6 2. c4 g6 3. Nc3 Bg7 4. Nf3 0-0 5. Bg5 h6 6. Bh4 d6 7. e3 c5 8. d5 g5 9. Bg3 Nh5 10. Bd3 f5 11. Nd2 Nxg3 12. hxg3 a6 13. Qc2 e6 14. dxe6 Bxe6 15. Nd5 Nc6 16. a3 Rb8 17. Nf3 b5 18. Rb1 b4 19. Qa4 Bd7 20. Qd1 bxa3 21. bxa3 Qa5+ 22. Kf1 Qxa3 23. Ne1 Rxb1 24. Bxb1 Rb8 25. Bd3 a5 26. g4 Rf8 27. Nb6 Be6 28. Bxf5 Bxf5 29. Qd5+ Be6 30. Qxe6+ Kh8 31. Rxh6+ Bxh6 32. Qxh6+ Kg8 1/2-1/2

[Event "FIN-chT2 Gp3 1718"]
[Site "Finland"]
[Date "2017.12.02"]
[Round "4.3"]
[White "Alkkiomaki, Jyrki"]
[Black "Maki, Juha"]
[Result "1-0"]
[WhiteElo "1963"]
[BlackElo "1954"]
[PlyCount "93"]
[EventDate "2017.09.16"]
[EventType "team-tourn"]
[EventRounds "7"]
[EventCountry "FIN"]
[SourceTitle "EXT 2020"]
[Source "ChessBase"]
[SourceDate "2019.10.17"]
[SourceVersion "1"]
[SourceVersionDate "2019.10.17"]
[SourceQuality "1"]
[WhiteTeam "Turku SY"]
[BlackTeam "Tampere Tammer III"]
[WhiteTeamCountry "FIN"]
[BlackTeamCountry "FIN"]

1. e4 e6 2. d4 d5 3. exd5 exd5 4. c4 Bb4+ 5. Nc3 Nf6 6. Nf3 0-0 7. a3 Re8+ 8. Ne5 Bxc3+ 9. bxc3 Ng4 10. Be2 Nxe5 11. dxe5 Rxe5 12. 0-0 Qe7 13. Be3 c6 14. cxd5 Rxd5 15. Qb3 h6 16. Bc4 Rh5 17. Rfe1 b5 18. Bf4 bxc4 19. Qd1 Be6 20. Qxh5 Nd7 21. Qa5 Nb6 22. Qb4 Qh4 23. Bg3 Qf6 24. Be5 Qg6 25. Qd6 Nd5 26. Qxc6 Rc8 27. Qd6 Qg5 28. Qa6 h5 29. Rad1 Rd8 30. Qxc4 Rc8 31. Qd3 h4 32. h3 Nb6 33. Bd4 Bb3 34. Re5 Qh6 35. Rde1 Be6 36. Qa6 Rc7 37. Bxb6 axb6 38. Qxb6 Rxc3 39. Qd8+ Kh7 40. R1e4 Qc1+ 41. Kh2 Rc8 42. Qxh4+ Kg8 43. Rh5 g6 44. Rh8+ Kg7 45. Rh7+ Kg8 46. Rxe6 fxe6 47. Rd7 1-0

[Event "Kuopio We KSY"]
[Site "Kuopio"]
[Date "2017.04.30"]
[Round "5"]
[White "Nevanlinna, Risto"]
[Black "Maki, Juha"]
[Result "1-0"]
[WhiteElo "2248"]
[BlackElo "1954"]
[PlyCount "87"]
[EventDate "2017.04.29"]
[EventType "swiss"]
[EventRounds "5"]
[EventCountry "FIN"]
[SourceTitle "EXT 2022"]
[Source "ChessBase"]
[SourceDate "2021.10.06"]
[SourceVersion "1"]
[SourceVersionDate "2021.10.06"]
[SourceQuality "1"]

1. e4 e6 2. d4 d5 3. Nc3 Bb4 4. e5 c5 5. Bd2 Nh6 6. Nf3 Nf5 7. Bd3 Nc6 8. Bxf5 exf5 9. Nb5 Bxd2+ 10. Qxd2 0-0 11. 0-0 a6 12. Nd6 cxd4 13. Rfe1 Nxe5 14. Rxe5 Qxd6 15. Rae1 Bd7 16. Nxd4 g6 17. Nf3 Qf6 18. Qxd5 Bc6 19. Qb3 Rfd8 20. h3 Rd7 21. Qb4 Kg7 22. Qf4 Bxf3 23. Qxf3 Rad8 24. c3 Rd1 25. Rxd1 Rxd1+ 26. Qxd1 Qxe5 27. Qd4 Qxd4 28. cxd4 Kf6 29. Kf1 Ke6 30. Ke2 Kd5 31. Kd3 f4 32. a4 a5 33. f3 g5 34. Kc3 f5 35. Kd3 h5 36. Kc3 h4 37. Kd3 g4 38. Kc3 gxh3 39. gxh3 b6 40. Kd3 Kc6 41. Kc4 Kd6 42. d5 Ke5 43. b3 Kd6 44. Kd4 1-0